Europäische Geschichte nach Buchstaben - B - Statistiken

Allgemein
  • Dieses Quiz wurde 78 mal gespielt
  • Das Durchschnittsergebnis liegt bei 11 aus 20
Antwortstatistiken
Hinweis Antwort % Korrekt
Eiserner Kanzler, welcher als Architekt der Reichseinigung von 1871 gilt Otto von Bismarck
93%
Grenzbefestigung an der Grenze der DDR zur BRD, die am 9.November 1989 geöffnet wurde Berliner Mauer
87%
Ära der Kunst- und Kulturgeschichte im 17. und 18. Jahrhundert (J.S. Bach, Rubens, Caravaggio) Barock
84%
Französischer Kaiser, der Anfang des 19.Jahrhunderts die politische Ordnung Europas revolutionierte Napoleon Bonaparte
80%
Norditalienische Stadt in der die erste christliche Universität gegründet wurde Bologna
77%
Diktator Nicolae Ceaușescu ließ in dieser Stadt einen riesigen Parlamentspalast erbauen Bukarest
72%
Bezeichnung für die schnellen Siege der Wehrmacht zu Beginn des Zweiten Weltkrieges Blitzkrieg
71%
Diese u.a. von Walter Gropius in Weimar gegründete Architekturschule war maßgebend für die Entstehung der ornamentarmen Modernen Architektur Bauhaus
70%
Mittelalterliches Königreich im heutigen Tschechien, Heimat von Kaiser Karl IV und Jan Hus, ging im Habsburgerreich auf Böhmen
70%
Bezeichnung für das Römische Reich im Mittelalter mit Regierungssitz in Konstantinopel Byzantinisches Reich
67%
Diese flämische Stadt war im Mittelalter eines der wichtigsten Handelszentren Europas und Ort, an der die erste Börse der Welt gegründet wurde Brügge
54%
1525 stattfindender flächendeckender Aufstand breiter gesellschaftlicher Schichten in Süd- und Mitteldeutschland, dem Elsass und dem Alpenraum gegen Adelsprivilegien und für freie Priesterwahl Bauernkrieg
43%
Dieses Großherzogtum war unter Karl dem Kühnen einer der mächtigsten und reichsten Staaten Europas im Spätmittelalter und dominierte die Niederlande und Belgien Burgund
43%
Bezeichnung für die konservative, ins Private flüchtende Kultur und Kunst zwischen 1815 und 1848 im deutschsprachigen Raum Biedermeier
42%
Von 1964 bis 1982 Anführer der Sowjetunion ließ dieser Politiker den Prager Frühling niederschlagen Leonid Breschnew
41%
Berühmt-berüchtigte Adelsfamilie der Renaissance aus der Papst Alexander VI (Rodrigo B.) mit seinen Kindern Cesare und Lucretia hervorging Borgia
39%
Adelsfamilie, welche die Könige von Frankreich vom 16. Jahrhundert bis zur französischen Revolution stellte Bourbonen
38%
Retrospektiv glorifizierende Bezeichnung für die Zeit zwischen 1871 und 1914, insbesondere in Frankreich Belle Epoque
19%
In diesem Ereignis am 20. Juni 1789 schworen Vertreter des Dritten Standes in Versailles, eine Verfassung für Frankreich zu geben. Mitauslöser der Französischen Revolution Ballhausschwur
16%
Ort der größten Schlacht des 30-Jährigen Krieges, in der das schwedisch-sächsische Heer die kaiserlich-katholische Seite besiegen konnte Breitenfeld
6%
Keine übereinstimmenden Quizze gefunden
Verteilung der Resultate
Anzahl Personen mit jedem Resultat
Perzentil nach korrekt beantworteten Fragen
Ihre Resultats-Entwicklung
Sie haben dieses Quiz noch nicht gespielt